| 000 -ლიდერი |
| ფიქსირებული სიგრძის საკონტროლო ველი |
01424nam a2200277Ia 4500 |
| 001 - საკონტროლო ნომერი |
| საკონტროლო ველი |
3308 |
| 003 - საკონტროლო ნომრის იდენტიფიკატორი |
| საკონტროლო ველი |
GE_BSU |
| 005 - ბოლო ოპერაციის თარიღი და დრო |
| საკონტროლო ველი |
20190528162321.0 |
| 008 - ფიქსირებული სიგრძის მონაცემთა ელემენტები - ზოგადი ინფორმაცია |
| ფიქსირებული სიგრძის საკონტროლო ველი |
181216s1988|||| |||||||||||||| ||geo|| |
| 020 ## - წიგნის საერთაშორისო სტანდარტული ნომერი |
| International Standard Book Number |
5505000088 |
| 040 ## - კატალოგიზაციის წყარო |
| Transcribing agency |
GE_BSU |
| 041 ## - ენის კოდი |
| Language code of text/sound track or separate title |
geo |
| 080 ## - უნივერსალური ათობითი კლასიფიკაციის ინდექსი |
| Universal Decimal Classification number |
512.64(075.8)+514.12(075.8) წ-81 |
| 245 ## - ცნობა სათაურის შესახებ |
| Title |
წრფივი ალგებრისა და ანალიზური გეომეტრიის ელემენტები: თეორია,სავარჯიშოები და ამოცანები |
| Remainder of title |
სახელმძღვ. / |
| Statement of responsibility, etc |
ს. თოფურია ; ვ. ხოჭოლავა ; ნ. მაჭარაშვილი ; დ. გიორგაძე ; ა. კვალიაშვილი ; რედ : რ. დანელია. |
| 264 ## - წარმოების, გამოცემის, დისტრიბუციის და სხვა ცნობები |
| გამოცემის, წარმოების, დისტრიბუციის... ადგილი |
თბი;ლისი : |
| გამოცემის, წარმოების, დისტრიბუციის... სახელწოდება |
განათლება, |
| გამოცემის, წარმოების, დისტრიბუციის... თარიღი |
1988. |
| 300 ## - ფიზიკური აღწერა |
| Extent |
320 გვ .: |
| Dimensions |
21 სმ. |
| 653 ## - INDEX TERM--UNCONTROLLED |
| Uncontrolled term |
წრფივი ალგებრა |
| 653 ## - INDEX TERM--UNCONTROLLED |
| Uncontrolled term |
ანალიზური გეომეტრია |
| 700 ## - ADDED ENTRY--PERSONAL NAME |
| Personal name |
თოფურია,ს |
| 9 (RLIN) |
1414 |
| 700 ## - ADDED ENTRY--PERSONAL NAME |
| Personal name |
ხოჭოლავა, ვ |
| 9 (RLIN) |
1493 |
| 700 ## - ADDED ENTRY--PERSONAL NAME |
| Personal name |
მაჭარაშვილი, ნ. |
| 9 (RLIN) |
1495 |
| 700 ## - ADDED ENTRY--PERSONAL NAME |
| Personal name |
გიორგაძე, დ |
| 9 (RLIN) |
1715 |
| 700 ## - ADDED ENTRY--PERSONAL NAME |
| Personal name |
კვალიაშვილი, ა |
| 9 (RLIN) |
1716 |
| 700 ## - ADDED ENTRY--PERSONAL NAME |
| Personal name |
დანელია. რ |
| Relator term |
რედაქტორი |
| 9 (RLIN) |
1505 |
| 942 ## - ADDED ENTRY ELEMENTS (KOHA) |
| Koha item type |
წიგნი |
| Source of classification or shelving scheme |
|